Mecánica de suelos T.1 fundamentos de la mecánica de suelo

Bibliographic Details
Main Authors: Juárez Badilio, Eulalio, Rico Rodríguez, Alfonso
Format: Section = Libro
Language:Undetermined
Spanish
Published: México Lexus Editores 2007
Subjects:
LEADER 00553nam a2200193Ia 4500
008 240830s9999 xx 000 0 und d
020 |a 978-968-18-0069-7 
040 |a B-ESTELÍ- RUACS / 624.1513 J91 
041 |a spa 
082 |a 624.1513 J91 
100 1 |a Juárez Badilio, Eulalio 
100 1 |b  Rico Rodríguez, Alfonso 
245 1 0 |a Mecánica de suelos T.1 fundamentos de la mecánica de suelo 
260 |a México  |b Lexus Editores  |c 2007 
300 |a 644 p. :il 
650 7 |a MECÁNICA DE SUELO 
942 |c BK  |2 ddc 
991 |a TEXTO 
999 |c 11258